[Event "Kerkinitida 2021"]
[Site "Yevpatoria"]
[Date "2021.10.27"]
[Round "9.4"]
[White "Baranov, Jury"]
[Black "Tomilova, Elena"]
[Result "1-0"]
[WhiteElo "2147"]
[BlackElo "2256"]
[Annotator "NA"]
[PlyCount "164"]
[EventDate "2021.10.19"]
[EventType "swiss"]
[SourceTitle "playchess.com"]
[Source "ChessBase"]
[SourceQuality "1"]
[TimeControl "5400+30"]

1. d4 {[%emt 0:00:05]} Nf6 {[%emt 0:00:08]} 2. c4 {[%emt 0:00:23]} e6 {[%emt 0:00:09]} 3. Nc3 {[%emt 0:00:10]} Bb4 {[%emt 0:00:07]} 4. e3 {[%emt 0:00:07]} O-O {[%emt 0:00:25]} 5. Bd2 {[%emt 0:00:08]} c5 {[%emt 0:00:40]} 6. a3 {[%emt 0:00:38]} Bxc3 {[%emt 0:00:13]} 7. Bxc3 {[%emt 0:00:11]} Ne4 {[%emt 0:00:24]} 8. Ne2 {[%emt 0:01:36]} b6 {[%emt 0:03:51]} 9. f3 {[%emt 0:02:02]} Nxc3 {[%emt 0:01:44]} 10. Nxc3 {[%emt 0:00:32]} Bb7 {[%emt 0:00:48]} 11. d5 {[%emt 0:01:54]} exd5 {[%emt 0:00:32]} 12. cxd5 {[%emt 0:00:53]} d6 {[%emt 0:00:53]} 13. Bd3 {[%emt 0:06:37]} c4 {[%emt 0:07:11]} 14. Bc2 {[%emt 0:01:19]} Nd7 {[%emt 0:13:03]} 15. O-O {[%emt 0:05:51]} Re8 {[%emt 0:06:15]} 16. Qd4 {[%emt 0:05:54]} Nc5 {[%emt 0:07:51]} 17. Rae1 {[%emt 0:01:50]} Ba6 {[%emt 0:00:58]} 18. Rf2 {[%emt 0:10:41]} Rc8 {[%emt 0:01:33]} 19. Qf4 {[%emt 0:15:58]} Nd3 {[%emt 0:03:49]} 20. Bxd3 {[%emt 0:00:05]} cxd3 {[%emt 0:00:08]} 21. Rd2 {[%emt 0:06:17]} Bc4 {[%emt 0:10:32]} 22. Qd4 {[%emt 0:06:57]} Qc7 {[%emt 0:05:06]} 23. e4 {[%emt 0:04:52]} Qe7 {[%emt 0:06:17]} 24. Nd1 {[%emt 0:05:08]} Qg5 {[%emt 0:09:54]} 25. Ne3 {[%emt 0:02:00]} b5 {[%emt 0:09:23]} 26. Rf2 {[%emt 0:02:52]} Qe5 {[%emt 0:05:28]} 27. Qxe5 {[%emt 0:00:39]} Rxe5 {[%emt 0:02:34]} 28. Rc1 {[%emt 0:01:12]} Ree8 {[%emt 0:00:19]} 29. Nf5 {[%emt 0:00:59]} Rcd8 {[%emt 0:00:48]} 30. Nd4 {[%emt 0:01:01]} Rc8 {[%emt 0:01:08]} 31. Nf5 {[%emt 0:05:04]} Rcd8 {[%emt 0:00:10]} 32. Rc3 {[%emt 0:00:55]} g6 {[%emt 0:00:54]} 33. b3 {[%emt 0:02:04]} gxf5 {[%emt 0:00:59]} 34. bxc4 {[%emt 0:00:02]} Rc8 {[%emt 0:00:42]} 35. Rxd3 {[%emt 0:00:41]} bxc4 {[%emt 0:00:09]} 36. Rd4 {[%emt 0:00:13]} fxe4 {[%emt 0:00:40]} 37. fxe4 {[%emt 0:00:31]} Rc5 {[%emt 0:00:33]} 38. Rc2 {[%emt 0:00:53]} Rec8 {[%emt 0:00:08]} 39. Rc3 {[%emt 0:00:12]} Kg7 {[%emt 0:00:19]} 40. Kf2 {[%emt 0:00:02]} Kf6 {[%emt 0:00:12]} 41. Rf3+ {[%emt 0:00:45]} Ke7 {[%emt 0:00:19]} 42. Rd2 {[%emt 0:00:34]} c3 {[%emt 0:00:41]} 43. Rc2 {[%emt 0:00:01]} Rc4 {[%emt 0:00:32]} 44. Kg3 {[%emt 0:06:20]} a5 {[%emt 0:00:51]} 45. Kf4 {[%emt 0:00:28]} h5 {[%emt 0:00:43]} 46. Kf5 {[%emt 0:00:52]} R8c5 {[%emt 0:01:04]} 47. Rh3 {[%emt 0:01:36]} Rc8 {[%emt 0:00:38]} 48. Rd3 {[%emt 0:01:12]} R8c7 {[%emt 0:00:47]} 49. g3 {[%emt 0:00:11]} Rc8 {[%emt 0:00:31]} 50. Re3 {[%emt 0:01:00]} f6 {[%emt 0:00:33]} 51. h3 {[%emt 0:01:21]} Kf7 {[%emt 0:00:35]} 52. Re1 {[%emt 0:01:03]} Rg8 {[%emt 0:00:35]} 53. Re3 {[%emt 0:00:43]} Rgc8 {[%emt 0:00:41]} 54. g4 {[%emt 0:00:12]} h4 {[%emt 0:00:22]} 55. Re1 {[%emt 0:00:39]} Rb8 {[%emt 0:00:33]} 56. Rec1 {[%emt 0:00:49]} Rb3 {[%emt 0:00:33]} 57. a4 {[%emt 0:00:09]} Rb2 {[%emt 0:00:35]} 58. g5 {[%emt 0:01:06]} Rxc2 {[%emt 0:01:05]} 59. Rxc2 {[%emt 0:00:32]} fxg5 {[%emt 0:00:11]} 60. Kxg5 {[%emt 0:00:07]} Ke7 {[%emt 0:00:35]} 61. Kf5 {[%emt 0:00:24]} Rc5 {[%emt 0:00:20]} 62. Kg5 {[%emt 0:00:37]} Rc4 {[%emt 0:00:29]} 63. Kf5 {[%emt 0:00:19]} Kf7 {[%emt 0:00:23]} 64. Kg5 {[%emt 0:00:13]} Ke8 {[%emt 0:00:54]} 65. Kf5 {[%emt 0:00:48]} Ke7 {[%emt 0:00:32]} 66. Kg5 {[%emt 0:00:06]} Rxe4 {[%emt 0:00:06]} 67. Rxc3 {[%emt 0:00:11]} Rxa4 {[%emt 0:00:04]} 68. Rc7+ {[%emt 0:00:17]} Kd8 {[%emt 0:00:06]} 69. Ra7 {[%emt 0:00:23]} Kc8 {[%emt 0:00:23]} 70. Kf6 {[%emt 0:00:39]} Kb8 {[%emt 0:00:48]} 71. Rd7 {[%emt 0:00:05]} Ra3 {[%emt 0:00:21]} 72. Ke7 {[%emt 0:00:41]} Rxh3 {[%emt 0:00:36]} 73. Rxd6 {[%emt 0:00:06]} Rd3 {[%emt 0:00:21]} 74. Rd8+ {[%emt 0:00:34]} Kb7 {[%emt 0:00:08]} 75. d6 {[%emt 0:00:28]} Re3+ {[%emt 0:00:27]} 76. Kd7 {[%emt 0:00:35]} h3 {[%emt 0:01:19]} 77. Rh8 {[%emt 0:00:15]} a4 {[%emt 0:00:37]} 78. Rh4 {[%emt 0:00:39]} a3 {[%emt 0:00:29]} 79. Rb4+ {[%emt 0:00:23]} Ka6 {[%emt 0:00:06]} 80. Kc6 {[%emt 0:00:22]} Rc3+ {[%emt 0:00:17]} 81. Kd5 {[%emt 0:00:12]} h2 {[%emt 0:00:49]} 82. Rh4 {[%emt 0:02:03]} a2 {[%emt 0:00:20]} 1-0

[Event "Kerkinitida 2021"]
[Site "Yevpatoria"]
[Date "2021.10.27"]
[Round "9.5"]
[White "Grinivetskii, Mark"]
[Black "Demidov, Mikhail"]
[Result "0-1"]
[WhiteElo "1350"]
[BlackElo "2551"]
[Annotator "TA"]
[PlyCount "72"]
[EventDate "2021.10.19"]
[EventType "swiss"]
[SourceTitle "playchess.com"]
[Source "ChessBase"]
[SourceQuality "1"]

{[%evp 9,72,61,54,-36,-68,-124,-105,-124,-136,-163,-170,-354,-358,-350,-356,-405,-404,-396,-398,-395,-396,-411,-360,-483,-351,-351,-351,-339,-345,-373,-381,-407,-406,-405,-405,-405,-405,-634,-631,-602,-629,-697,-698,-774,-764,-917,-907,-862,-858,-909,-879,-1639,-1539,-1419,-1247,-1447,-1447,-29972,-29975,-29973,-29975,-29975,-29976,-29972,-6110]} 1. e4 c5 2. Nf3 Nc6 3. d4 cxd4 4. Nxd4 Qa5+ 5. Nc3 Nf6 {next ...Nxe4 is good for Black.} 6. Bc4 {B32: Sicilian: Löwenthal and Kalashnikov Variations.} (6. Nb3 $14 Qd8 7. Bb5) 6... Nxe4 $1 $15 {[#]} 7. Nxc6 $146 (7. Qf3 $15 f5 8. Nb3 (8. Qxf5 Qxf5 9. Nxf5 Nxc3 $11) (8. Nxf5 $2 Nxc3 9. Nxg7+ Kd8 $19)) ({Predecessor:} 7. Nb3 Qe5 8. Ne2 e6 9. O-O d5 10. Bf4 Qf6 11. Bxd5 exd5 12. Qxd5 Nd6 13. Rfe1 {0-1 (52) Hoholis,H (1820)-Muller,J (2025) Gold Coast 2011}) 7... bxc6 $17 8. Qf3 {Black is better.} d5 9. Bb3 Ba6 10. Bd2 $2 (10. a3 Rc8 11. Ba2) 10... Nxd2 $19 11. Kxd2 g6 12. Rae1 Bh6+ 13. Kd1 Qb4 {[#] White must now prevent ...Qd4+.} 14. Re3 O-O 15. a3 Qd4+ 16. Ke1 Bxe3 17. fxe3 Qf6 18. Qxf6 exf6 19. Kf2 Rab8 20. Rd1 Bc4 21. Bxc4 dxc4 {[%mdl 4096] Endgame KRR-KRN} 22. Na4 Rfd8 23. Rc1 (23. Rxd8+ $142 Rxd8 24. Ke2) 23... Rd2+ 24. Kf3 Rb5 25. e4 f5 26. exf5 Rxf5+ 27. Kg3 Rg5+ 28. Kf3 Rgxg2 29. h4 h5 30. b3 Rxc2 31. Rb1 Rcf2+ 32. Ke3 cxb3 33. Rxb3 Rg3+ {Black mates.} 34. Kxf2 Rxb3 35. Nc5 Rxa3 36. Ne4 Kg7 {White got outplayed after the opening.  Weighted Error Value: White=0.68/Black=0.09} (36... a5 $142 37. Nc5 Rh3 38. Ke1 Rxh4 39. Ke2 a4 40. Nd3 a3 41. Nc1 Rh1 42. Kd2 {[#]} Rxc1 $1 {[%mdl 512]} 43. Kxc1 h4 44. Kc2 h3 45. Kb3 h2 46. Kxa3 h1=Q 47. Kb2 Qd5 48. Kc3 g5 49. Kb2 g4 50. Kc3 g3 51. Kb2 g2 52. Kc3 g1=Q 53. Kb2 Qc4 54. Ka3 Qgc1#) 0-1

[Event "Kerkinitida 2021"]
[Site "Yevpatoria"]
[Date "2021.10.27"]
[Round "9.6"]
[White "Chos, Alexey"]
[Black "Aryslanov, Leonidas"]
[Result "1-0"]
[WhiteElo "2296"]
[BlackElo "1121"]
[Annotator "TA"]
[PlyCount "37"]
[EventDate "2021.10.19"]
[EventType "swiss"]
[SourceTitle "playchess.com"]
[Source "ChessBase"]
[SourceQuality "1"]

{[%evp 10,36,21,-54,271,295,291,289,323,327,482,486,669,666,713,699,693,683,854,847,849,844,1006,617,422,319,29997,29998,29999]} 1. e4 e5 2. Bc4 Nf6 3. d4 Nc6 4. Nf3 exd4 5. e5 Ne4 6. c3 (6. Qe2 $11 Nc5 7. c3) 6... dxc3 $2 {[%mdl 8192] C56: Two Knights: 4 d4 exd4 5 0-0 Nxe4.} (6... d5 $15 {stays ahead.} 7. exd6 Nxd6) 7. Qd5 $18 {[%csl Gc4][%cal Rd5f7][%mdl 64] [#] Double Attack} Qe7 {aiming for ...cxb2.} 8. Qxe4 cxb2 {White has a decisive advantage.} 9. Bxb2 d6 (9... b5 {is a better defense.} 10. Ba3 b4) 10. O-O Bd7 {[#]} 11. Nc3 $146 {[#] Threatens to win with Nd5.} ({Predecessor:} 11. Nbd2 O-O-O 12. exd6 Qxd6 13. Bxf7 Be7 14. Bxg7 Bf6 15. Bxh8 Bxa1 16. Bxa1 Rf8 17. Bb3 {1-0 (57) Remus Elliot,L-Perminaite,G Mureck 2011}) 11... O-O-O 12. Nd5 Qe8 13. Rfc1 dxe5 14. Bxe5 Nxe5 15. Nxe5 {Ba6 is the strong threat.} ({Weaker is} 15. Qxe5 Qxe5 16. Nxe5 Be8 $18) 15... Bc6 16. Qg4+ Kb8 17. Nxc6+ bxc6 $2 (17... Qxc6 $18 18. Rab1 Ba3) 18. Rab1+ Ka8 19. Nxc7# {White took control after the opening.  Weighted Error Value: White=0.55/Black=1.47} 1-0

[Event "Kerkinitida 2021"]
[Site "Yevpatoria"]
[Date "2021.10.27"]
[Round "9.7"]
[White "Polukhin, Sergey"]
[Black "Iljin, Viktor"]
[Result "1-0"]
[WhiteElo "1410"]
[BlackElo "1066"]
[Annotator "NA RC"]
[PlyCount "37"]
[EventDate "2021.10.19"]
[EventType "swiss"]
[SourceTitle "playchess.com"]
[Source "ChessBase"]
[SourceQuality "1"]
[TimeControl "5400+30"]

1. e4 {[%emt 0:00:02]} d6 {[%emt 0:00:06]} 2. d4 {[%emt 0:00:09]} Nd7 {[%emt 0:00:04]} 3. Nf3 {[%emt 0:00:09]} c5 {[%emt 0:00:03]} 4. Be3 {[%emt 0:09:04]} b6 {[%emt 0:04:12]} 5. Bc4 {[%emt 0:06:04]} h6 {[%emt 0:03:46]} 6. Nc3 {[%emt 0:20:50]} g6 {[%emt 0:01:37]} 7. e5 {[%emt 0:08:27]} cxd4 {[%emt 0:01:23]} 8. Bxd4 {[%emt 0:02:07]} dxe5 {[%emt 0:03:05]} 9. Nxe5 {[%emt 0:19:03]} Nxe5 {[%emt 0:01:50]} 10. Bxe5 {[%emt 0:00:43]} Qxd1+ {[%emt 0:00:08]} 11. Rxd1 {[%emt 0:00:02]} f6 {[%emt 0:00:17]} 12. Nb5 {[%emt 0:12:22]} e6 {[%emt 0:01:40]} 13. Nc7+ {[%emt 0:01:33]} Ke7 {[%emt 0:00:26]} 14. Bd6+ {[%emt 0:01:18]} Kd7 {[%emt 0:00:15]} 15. Bb5+ {[%emt 0:01:48]} Kd8 {[%emt 0:01:01]} 16. Nxa8 {[%emt 0:00:37]} Bxd6 {[%emt 0:00:21]} 17. Rxd6+ {[%emt 0:00:00]} Ke7 {[%emt 0:00:01]} 18. Rd1 {[%emt 0:00:22]} Bb7 {[%emt 0:00:05]} 19. Rd7+ {[%emt 0:00:09]} 1-0

[Event "Kerkinitida 2021"]
[Site "Yevpatoria"]
[Date "2021.10.27"]
[Round "9.8"]
[White "Samson, Anna Rao. T"]
[Black "Brusilovskiy, Boris"]
[Result "0-1"]
[WhiteElo "1573"]
[BlackElo "2067"]
[Annotator "TA"]
[PlyCount "66"]
[EventDate "2021.10.19"]
[EventType "swiss"]
[SourceTitle "playchess.com"]
[Source "ChessBase"]
[SourceQuality "1"]

{[%evp 9,66,-5,0,-9,-9,-27,-22,-54,-42,-42,-47,-70,-66,-70,-55,-59,-56,-70,-64,-110,-93,-277,-269,-287,-284,-299,-286,-309,-311,-333,-331,-816,-812,-805,-791,-797,-737,-782,-758,-885,-872,-1639,-1586,-2128,-1685,-2493,-2212,-29975,-29976,-29994,-29995,-29997,-29998,-29999,-29998,-29998,-29999,-29999,-29999]} 1. e4 e5 2. Nf3 Nc6 3. Bb5 a6 4. Bxc6 dxc6 5. d3 Bd6 6. h3 {C68: Ruy Lopez: Exchange Variation, sidelines.} Ne7 7. Nc3 Ng6 {[#]} 8. d4 $146 {The position is equal.} ({Predecessor:} 8. Be3 O-O 9. Qd2 f5 10. exf5 Bxf5 11. O-O-O b5 12. Ne4 a5 13. Qc3 Qe8 14. Nfg5 {1-0 (29) Moog,G (1964)-Tutenel,E (1819) Maastricht 2012}) 8... exd4 9. Qxd4 O-O 10. Bg5 f6 11. Qc4+ Kh8 12. Be3 Qe7 13. O-O Be6 14. Qd3 b5 $36 {[%cal Bb7b5,Bb5b4][%mdl 2080] Strongly threatening ...Bc4. Black is in control.} 15. Rad1 $2 (15. Qd1 $17) 15... Bc4 $19 {[%mdl 64] [#] Skewer} 16. Qd2 {If White can now play Rfe1 this consolidates a bit.} Bxf1 17. Rxf1 Rad8 18. Qe2 b4 19. Na4 Qxe4 {Threatens to win with ...Nf4.} 20. Qxa6 $2 (20. Re1) 20... Ra8 21. Qe2 Rxa4 22. Ra1 Raa8 23. c3 Nf4 24. Qd2 {[#]} Nxh3+ $1 {[%mdl 64] Deflection} 25. gxh3 (25. Kf1 Ng5) 25... Qxf3 26. cxb4 Qxh3 27. Bf4 Qg4+ 28. Kf1 Bxf4 {Black mates.} 29. Qc2 Qh3+ 30. Ke1 Rfe8+ 31. Kd1 Rad8+ 32. Qd2 Rxd2+ 33. Kc1 Ree2 {[%cal Rh3h1] White did not feel at home in the position after the opening.  Weighted Error Value: White=1.02/Black=0.05} 0-1